000 00633nam a2200193 a 4500
001 000018144
005 20240305111025.0
008 100416s1952 dr 000 p spa d
040 _aDO-SdBNP
_bspa
_cBNPHU
082 _a891.51
_bK45r
100 1 _aKhayyam, Omar,
_d1048-1131
_939312
245 1 0 _aRubaiyat /
_cOmar Khayyam ; traducción del francés por Ligio Vizardi.
260 _aCiudad Trujillo, República Dominicana :
_bLibrería Dominicana,
_c1952.
300 _a170 p. ;
_c18 cm.
650 4 _aPoesía persa
_939313
650 4 _aLiteratura persa
_929542
700 1 _aVizardi, Ligio
_d1895-1968
_etr.
_937744
049 _aBNPD
999 _c17665
_d17665